| 000 | 00589cam a2200193 4500 | ||
|---|---|---|---|
| 020 | _a0070145350 | ||
| 082 | 0 | 0 |
_a629.2222 _bCRO _cL-17, P-34 |
| 100 | 1 |
_aCrouse, William Harry, _944386 |
|
| 245 | 1 | 0 |
_aAutomotive mechanics _c[by] William H. Crouse. |
| 250 | _a7th ed. | ||
| 260 |
_aNew York, _bMcGraw-Hill _c[1975] |
||
| 300 |
_aviii, 631 p. _billus. _c29 cm. |
||
| 526 |
_a0 _b0 _c0 _d629_222200000000000_CRO |
||
| 650 | 0 |
_aAutomobiles _xMaintenance and repair. _944349 |
|
| 650 | 0 |
_aAutomobiles _xTesting. _944387 |
|
| 650 | 0 |
_aAutomobiles. _938699 |
|
| 650 | 0 |
_aMCE _9379 |
|
| 942 |
_2ddc _cBK |
||
| 999 |
_c548189 _d548189 |
||